| 000 | 01217naa a22003497a 4500 | ||
|---|---|---|---|
| 001 | BR6007398 | ||
| 003 | BR-BrBNA | ||
| 005 | 20240918172927.0 | ||
| 007 | ta | ||
| 008 | 230509b bl.||||| |||| 00| 0 por d | ||
| 040 |
_aBR-BrBNA _bpor _cBiblioteca Nacional de Agricultura |
||
| 041 | _a(Pt) | ||
| 072 |
_aF30; F25 _b0120 _b0170 |
||
| 090 | _aF30 BR6007398 | ||
| 100 | 1 | _aSawazaki, E. | |
| 100 | 1 | _aMiranda, L.E.C. de | |
| 100 | 1 | _aPommer, C.V. | |
| 100 | 1 | _aMiranda, L.T. de | |
| 111 | 1 |
_a10. Reuniao Brasileira de Milho e Sorgo _cSete Lagoas, MG (Brazil) _d22 Jul 1974 |
|
| 245 | 1 | _aExperimentos com cultivares de milho e sorgo, epoca de plantio, densidade de plantio e adubacao | |
| 260 | 3 |
_aSete Lagoas, MG (Brasil): _c1974. |
|
| 500 | _aAnais da 10. Reuniao Brasileira de Milho e Sorgo Sete Lagoas, MG (Brasil): 1974. p. 58-62 (BR6007398-AM)F30 | ||
| 650 | _aFERTILIDADE DO SOLO | ||
| 650 | _aMILHO | ||
| 650 | _aSORGO | ||
| 650 | _aVARIEDADE | ||
| 650 | _aDENSIDADE DE PLANTIO | ||
| 650 | _aADUBACAO | ||
| 773 | 0 |
_tAnais da 10. Reuniao Brasileira de Milho e Sorgo _wF30 BR6007398 _gSete Lagoas, MG (Brasil), 1974. p. 58-62 |
|
| 909 |
_a202404 _bLucia _c55 _dLucia Elande |
||
| 942 |
_cAM _2AGRIS |
||
| 999 |
_c302106 _d302106 |
||